000 00570nam a2200205Ia 4500
005 20250923145032.0
008 008 250917s9999 xx 000 0 eng d
037 _aTextual
040 _aDSWL
_beng
_cDSWL
041 _aeng
_2eng
084 _aY1z7, K4
_qDSWL
245 0 _aSociological theory :A book of reading
_cEd.by L.A. Coser
260 _aNew York
_b Macmillan Co.
_c1964
300 _axiv,554 p.
365 _aUSD
_b8.5
700 _aB. Rosenberg
_9831124
925 _g8.5
942 _cTEXL
_hY1z7, K4
999 _c1446297
_d1446297